مكتبة جامعة عجلون الوطنية

فهرس بحث المكتبة

واقع تعليم اللغة العربية للناطقين بغيرها في المملكة الأردنية الهاشمية / (Record no. 33364)

MARC details
000 -LEADER
fixed length control field 00961nam a22001817a 4500
003 - CONTROL NUMBER IDENTIFIER
control field JO-AjAnu
005 - DATE AND TIME OF LATEST TRANSACTION
control field 20240402110854.0
008 - FIXED-LENGTH DATA ELEMENTS--GENERAL INFORMATION
fixed length control field 240326b jo ||||| |||| 00| 0 ara d
040 ## - CATALOGING SOURCE
Original cataloging agency JO-AjAnu
Transcribing agency ANU
041 ## - LANGUAGE CODE
Language code of original ara
100 #1 - MAIN ENTRY--PERSONAL NAME
Personal name فريق عمل مشروع واقع تعليم اللغة العربية للناطقين بغيرها
9 (RLIN) 65259
Relator term معد
245 ## - TITLE STATEMENT
Title واقع تعليم اللغة العربية للناطقين بغيرها في المملكة الأردنية الهاشمية /
Statement of responsibility, etc. اعداد فريق عمل مشروع اللغة العربية للناطقين بغيرها
260 ## - PUBLICATION, DISTRIBUTION, ETC.
Place of publication, distribution, etc. عمان :
Name of publisher, distributor, etc. اللجنةالوطنية الاردنية للنهوض باللغة العربية،
Date of publication, distribution, etc. 2019
300 ## - PHYSICAL DESCRIPTION
Extent 310 صفحه
500 ## - GENERAL NOTE
General note يحتوي هذا الكتاب على جداول توضيحية
650 #7 - SUBJECT ADDED ENTRY--TOPICAL TERM
Form subdivision اللغة العربية لغير الناطقين بها-التعليم العالي-الأردن
942 ## - ADDED ENTRY ELEMENTS (KOHA)
Source of classification or shelving scheme Library of Congress Classification
Koha item type Books
Suppress in OPAC No
Holdings
Withdrawn status Lost status Source of classification or shelving scheme Damaged status Not for loan Home library Current library Date acquired Total Checkouts Full call number Barcode Date last seen Price effective from Koha item type
    Library of Congress Classification     مكتبة جامعة عجلون الوطنية مكتبة جامعة عجلون الوطنية 26/03/2024   PJ6066.W3738.2019 A29860 26/03/2024 26/03/2024 Books
    Library of Congress Classification     مكتبة جامعة عجلون الوطنية مكتبة جامعة عجلون الوطنية 26/03/2024   PJ6066.W3738.2019 A29861 26/03/2024 26/03/2024 Books